书目信息 |
| 题名: |
人力资源管理
|
|
| 作者: | 耿莉萍 主编 | |
| 分册: | ||
| 出版信息: | 北京 科学出版社 2008.09 |
|
| 页数: | 321页 | |
| 开本: | 20cm | |
| 丛书名: | ||
| 单 册: | ||
| 中图分类: | F241 | |
| 科图分类: | ||
| 主题词: | 劳动经济 | |
| 电子资源: | ||
| ISBN: | 978-7-03-022759-1 | |
| 000 | 00567nam0 2200193 450 | |
| 001 | 1158070071 | |
| 005 | 20110907160926.28 | |
| 010 | @a978-7-03-022759-1@dCNY32.00 | |
| 100 | @a20110907d2008 km y0chiy0120 ea | |
| 101 | 0 | @achi |
| 102 | @aCN@b110000 | |
| 200 | 1 | @a人力资源管理@Aren li zi yuan guan li@f耿莉萍主编@Fgeng li ping zhu bian |
| 210 | @a北京@c科学出版社@d2008.09 | |
| 215 | @a321页@d20cm | |
| 606 | 0 | @a劳动经济 |
| 690 | @aF241@v4 | |
| 701 | 0 | @a耿莉萍@Ageng li ping@4主编 |
| 801 | 0 | @aCN@b大连网信软件有限公司图书馆·11@c20110907 |
| 905 | @aZUCC@dF241@eG333 | |
| 人力资源管理/耿莉萍主编.-北京:科学出版社,2008.09 |
| 321页;20cm |
| ISBN 978-7-03-022759-1:CNY32.00 |
| ● |
| 相关链接 |
|
|
|
正题名:人力资源管理
索取号:F241/G333
 
预约/预借
| 序号 | 登录号 | 条形码 | 馆藏地/架位号 | 状态 | 备注 |
| 1 | 170947 | 201709473 | 城院文库/ [索取号:F241/G333] | 在馆 |